Encontre a sua paz interior (Registo nº 34936)

Detalhes MARC
000 -Etiqueta do registo
Valores 00683nam a2200265 4500
010 ## - Número ISBN
ISBN 9789896871079
021 ## - Número do Depósito Legal
Código do país Portugal
100 ## - Dados gerais de processamento
Dados gerais 20220920 frey50
101 1# - Língua de publicação
Língua Português
102 ## - País de publicação
País Portugal
200 1# - Titulo e menção de responsabilidade
Título próprio Encontre a sua paz interior
Primeira menção de responsabilidade Brian L. Weiss
Outras menções de responsabilidade trad. Joana Neves
205 ## - Menção da edição
Edição 2.ª ed
210 ## - Publicação
Local de publicação Cascais
Nome do editor Pergaminho,
Data de publicação 2013
215 ## - Descrição física 
Paginação / Volumes 107, [4] p
Material acompanhante 1 CD
Dimensões 17 cm
225 2# - Colecção 
Título próprio da colecção Obras de Brian Weiss
606 ## - Nome comum usado como assunto
Palavra de ordem Meditação
ID Autoridade 5285
606 ## - Nome comum usado como assunto
Palavra de ordem Vida espiritual
ID Autoridade 2009
675 ## - CDU
Notação 133.2
Edição BN
Língua por
700 #1 - Autor principal
Apelido Weiss,
Nome Brian L.,
Datas 1944-
702 #1 - Autor secundário
Apelido Neves,
Nome Joana
Função Tradutor
801 #0 - Fonte de origem
País PT
Agência RMBL
Regras de catalogação RPC
090 ## - Tipo de documento
Koha biblioitem number (autogenerated) 34936
990 ## - Elementos KOHA
Tipo de documento Livro
994 ## - Estado da catalogação
Situação Completo
Exemplares
Situação do levantamento Situação do extravio Biblioteca de origem Biblioteca de empréstimo Código de barras Cota Permissão de empréstimo Tipo de documento Forma de aquisição
  Completo Biblioteca da Escola Básica e Secundária Dr Isidoro de Sousa Biblioteca da Escola Básica e Secundária Dr Isidoro de Sousa 7053 133 WEI Disponível Livro  




Powered by Koha